000 01013nam a2200217Ia 4500
999 _c34510
_d34510
001 260
003 GE_BSU
005 20210223154144.0
008 181216s1991||||ge |||||||||||||| ||geo||
040 _cGE_BSU
041 _ageo
080 _a94(5)+94(6) ა-36
245 _aაზიისა და აფრიკის ქვეყნების ისტორიის აქტუალური პრობლემები /
_c[რედ.: ალ. მენთეშაშვილი].
264 _aთბილისი :
_bთბილისის უნივერსიტრტის გამომცემლობა,
_c1991.
300 _a368 გვ.,
_b 21 სმ.
653 _aისტორია
653 _aაზიის ქვეყნების ისტორია
653 _aაფრიკის ქვეყნების ისტორია
700 _aმენთეშაშვილი, ალ.
_eრედაქტორი
_910208
942 _cBK
_2udc